000
00251nam a2200109Ia 4500
008
190216s9999||||xx |||||||||||||| ||und||
100
_a
Galboraith G K
245
4
_a
The Non-Potable Scotel
260
_b
Penguin Books
650
_a
English
942
_c
BK
999
_c
12712
_d
12712